000 00911cam a2200277 a 4500
001 13461049
003 OSt
005 20160506183015.0
008 040116s2005 nyua 001 0 eng
010 _a 2004040423
020 _a071675701X (cloth)
040 _aDLC
_cDLC
_dDLC
050 0 0 _aQD33.2
_b.A74 2005
082 0 0 _a540
_222
_bATK 2005
100 1 _aAtkins, P. W.
_98543
245 1 0 _aChemical principles :
_bthe quest for insight /
_cPeter Atkins, Loretta Jones.
250 _a3rd ed.
260 _aNew York :
_bW.H. Freeman,
_c2005.
300 _a1 v. (various pagings) :
_bcol.ill ;
_c29 cm.
500 _aIncludes index.
650 0 _aChemistry.
_9797
700 1 _aJones, Loretta.
_98258
906 _a7
_bcbc
_corignew
_d1
_eocip
_f20
_gy-gencatlg
942 _2ddc
_cSLOAN
999 _c3891
_d3891